000 00225nam a2200097Ia 4500
001 908093
005 20250826185047.0
008 250824s9999 xx 000 0 und d
245 0 _aCEZMİ
_cNAMIK KEMAL
260 _bKENT YAYINLARI
999 _c908093
_d908093